000
00299nam a2200109Ia 4500
008
200302s9999 xx 000 0 und d
100
_a
William F Powell
245
_a
Walter Foster : How To Draw & Paint - Landscape(Trees)
260
_b
Walter Foster Publishing Inc.,
260
_c
2012
300
_a
31 P
999
_c
4971
_d
4971